| 000 | 00968nab a2200277 u 4500 | ||
|---|---|---|---|
| 001 | 14303 | ||
| 003 | HDC | ||
| 007 | cr bn ---aaaaa | ||
| 008 | 210201b20110910my ||||| |||| 00| 0 eng d | ||
| 040 | _aHDC | ||
| 245 | 0 | _aThai PM visits Brunei to strengthen bilateral ties | |
| 260 |
_aKuala Lumpur : _bBernama, _c2011 |
||
| 300 | _a1 online resource | ||
| 336 |
_atext _2rdacontent |
||
| 337 |
_acomputer _2rdamedia |
||
| 338 |
_aonline resource _2rdacarrier |
||
| 650 |
_aFood Industry and Trade _9140 |
||
| 650 |
_aFood _xReligious aspects _xIslam. _9239 |
||
| 651 |
_aBrunei _xForeign economic relations _zThailand _914865 |
||
| 651 |
_aThailand _xForeign economic relations _zBrunei _914864 |
||
| 710 |
_aBernama _eissung body |
||
| 856 | _zRequest full-text at [email protected] | ||
| 942 | _2lcc | ||
| 942 | _cNEWS | ||
| 942 | _kNWSC 003187 | ||
| 999 |
_c11619 _d11619 |
||